Cliquez sur les pays du monde sur une carte nº6 - Statistiques

Statistiques générales
  • Ce quiz a été pris 31 fois
  • Le résultat moyen est 17 sur 20
Réponses sur la Carte
Les réponses sont colorées sur une échelle allant du rouge au vert en fonction du pourcentage des utilisateurs qui les ont devinées à leur premier essai. Vous pouvez retrouver ces pourcentages ci-dessous.
 
Statistiques - réponses
Réponse % Correct
République Centrafricaine
96%
Bahamas
93%
Belize
93%
Burundi
93%
Géorgie
93%
Irak
93%
Kenya
93%
Rwanda
93%
Serbie
93%
Haïti
89%
Jamaïque
89%
Maldives
89%
Ouganda
89%
Salvador
89%
Sri Lanka
89%
Guatemala
78%
Honduras
78%
Tadjikistan
78%
Nicaragua
74%
Costa Rica
70%
Aucun quiz correspondant
Distribution des résultats
% des personnes avec chaque résultat
Percentile par nombre de réponses
Votre historique - résultats
Vous n’avez pas pris ce quiz